000 00303nam a22001337a 4500
082 _a894.812
_bRAJ/T
100 _aNARAYANA SWAMI, RAJU
245 _aTHAKARNN MANIYUM NILAYKATHA NADHAVUM
260 _aTHRISSUR
_bCURRENT BOOKS
_c1998
300 _a144
520 _aNOVEL
650 _aNOVEL
942 _cBK
999 _c5493
_d5493